| 000 | 00948nam a22002657a 4500 | ||
|---|---|---|---|
| 003 | BPGM | ||
| 008 | 260618e2005 mx ||||g |||| 001 j spa d | ||
| 020 | _a968-7377-99-2 | ||
| 040 | _bspa | ||
| 041 |
_aspa _hspa |
||
| 082 | 0 | 4 |
_2863M _aG36454/A93 |
| 100 |
_aGARAY VEGA, EDUARDO _eAUTOR |
||
| 245 | _aAVENTIS | ||
| 250 |
_aPRIMERA EDICION _b2005 |
||
| 260 |
_aMEXICO _c2005 |
||
| 300 |
_a107 paginas _b16 cm x 11 cm |
||
| 336 |
_2rdacontent _atexto _btxt |
||
| 337 |
_2rdamedia _asin mediación _bn |
||
| 338 |
_2rdacarrier _avolumen _bnc |
||
| 505 | _aEs una colección de cuentos dividida en tres secciones, con un total de 16 relatos que exploran temas como el amor, la juventud, las relaciones humanas y la vida cotidiana, narrados con un estilo directo, humorístico y a veces crudo. | ||
| 650 | _2LITERATURA Y RETÓRICA | ||
| 650 | _2LITERATURAS ESPAÑOLA Y PORTUGUESA | ||
| 650 | _2NOVELÍSTICA ESPAÑOLA | ||
| 942 |
_2ddc _cCOLQ |
||
| 999 |
_c68622 _d68622 |
||